LEADER 02808nam 2200637 a 450 001 9910456740803321 005 20200520144314.0 010 $a1-78371-581-2 010 $a1-84964-392-X 035 $a(CKB)2550000000012109 035 $a(StDuBDS)AH22933680 035 $a(SSID)ssj0000430796 035 $a(PQKBManifestationID)12172303 035 $a(PQKBTitleCode)TC0000430796 035 $a(PQKBWorkID)10456823 035 $a(PQKB)10349024 035 $a(SSID)ssj0000520421 035 $a(PQKBManifestationID)11335768 035 $a(PQKBTitleCode)TC0000520421 035 $a(PQKBWorkID)10514130 035 $a(PQKB)10653960 035 $a(MiAaPQ)EBC3386240 035 $a(MiAaPQ)EBC5390966 035 $a(Au-PeEL)EBL3386240 035 $a(CaPaEBR)ebr10479736 035 $a(CaONFJC)MIL987279 035 $a(OCoLC)656846685 035 $a(EXLCZ)992550000000012109 100 $a20110714d2010 uy 0 101 0 $aeng 135 $aur||||||||||| 181 $ctxt 182 $cc 183 $acr 200 10$aWar and empire$b[electronic resource] $ethe American way of life /$fPaul L. Atwood 210 $aLondon $cPluto Press$d2010 215 $a1 online resource (288 p.) 300 $aBibliographic Level Mode of Issuance: Monograph 311 $a0-7453-2765-6 311 $a0-7453-2764-8 320 $aIncludes bibliographical references and index. 330 $bIn this provocative study, Paul Atwood attempts to show Americans that their history is one of constant wars of aggression and imperial expansion.In his long teaching career, Atwood has found that most students know virtually nothing about America's involvement in the wars of the 20th century, let alone those prior to World War I. War and Empire aims to correct this, clearly and persuasively explaining US actions in every major war since the declaration of independence. The book shows that, far from being dragged reluctantly into foreign entanglements, America's leaders have always picked its battles in order to increase their influence and power, with little regard for the American soldiers and 'enemy' civilians killed or made to suffer in the process.This book is an eye-opening introduction to the American way of life for undergraduate students of American history, politics and international relations. 606 $aWar and society$zUnited States$xHistory 607 $aUnited States$xHistory, Military 607 $aUnited States$xForeign relations 608 $aElectronic books. 615 0$aWar and society$xHistory. 676 $a355.00973 700 $aAtwood$b Paul L$0939106 801 0$bMiAaPQ 801 1$bMiAaPQ 801 2$bMiAaPQ 906 $aBOOK 912 $a9910456740803321 996 $aWar and empire$92116770 997 $aUNINA LEADER 03222oam 2200613 c 450 001 9910563022003321 005 20250611155646.0 024 7 $a10.3726/b14012 035 $a(CKB)5450000000174147 035 $a(oapen)https://directory.doabooks.org/handle/20.500.12854/29510 035 $a(PH02)9783631754962 035 $a(MiAaPQ)EBC30686138 035 $a(oapen)doab29510 035 $a(EXLCZ)995450000000174147 100 $a20240525h20182000 uy 0 101 0 $ager 135 $aurnnunnnannuu 181 $ctxt$2rdacontent 182 $cc$2rdamedia 183 $acr$2rdacarrier 200 00$aDatenbankgestützte Rechnungslegungspublizität$eEin Beitrag zur Evolution der Rechnungslegung$fBernhard Pellens, Roland Gabriel, Joachim Gassen 205 $a1st, New ed. 210 $aFrankfurt a.M$cPH02$d2018 210 $d2018, c2000 215 $a1 online resource (314 p.)$c, EPDF 225 0 $aBochumer Beitra?ge zur Unternehmensfu?hrung$v59 300 $aPeter Lang GmbH, Internationaler Verlag der Wissenschaften 311 08$a3-631-75496-5 327 $aAus dem Inhalt: Theorie der Rechnungslegung als Meßlatte fu?r eine normative Analyse - Rechnungslegungspublizita?t im internationalen Vergleich - Eignung der bestehenden Publizita?tssysteme zur Generierung von Marktprozessen - Entwurf eines datenbankbasierten Publizita?tssystems - Marktwirtschaftliche Auswirkungen einer datenbankgestu?tzten Unternehmenspublizita?t. 330 $aRechnungslegung und Publizita?t stehen vor neuen Herausforderungen. Vor allem den Kapitalmarkt sollen sie mit entscheidungsrelevanten Informationen versorgen. In dieser Arbeit wird untersucht, inwiefern die bestehenden Strukturen dieser Aufgabe gerecht werden. Basierend auf der Unmo?glichkeit, eine perfekte Rechnungslegungspublizita?t theoretisch abzuleiten, werden grundlegende A?nderungen in dem Prozeß der Datengewinnung und Pra?sentation vorgeschlagen, welche die Evolution der Rechnungslegung durch konkurrierende Konzepte erleichtern sollen. Die Modifikationen fu?hren zur Verlagerung weg von der monodimensionalen, zeitgebundenen Berichtspublizita?t hin zu einer mehrdimensionalen, zeitkontinuierlichen Datenbankpublizita?t. Hierfu?r wird eine exemplarische Client-Server-Umsetzung beschrieben. 517 $aDatenbankgestuetzte Rechnungslegungspublizitaet 606 $aBudgeting & financial management$2bicssc 606 $aInformation technology: general issues$2bicssc 606 $aEnterprise software$2bicssc 610 $aBeitrag 610 $aDatenbankgestützte 610 $aEvolution 610 $aGassen 610 $aRechnungslegung 610 $aRechnungslegungs 610 $aRechnungslegungspublizität 615 7$aBudgeting & financial management 615 7$aInformation technology: general issues 615 7$aEnterprise software 700 $aGassen$b Joachim$4auth$01292205 702 $aPellens$b Bernhard$4edt 702 $aGabriel$b Roland$4edt 702 $aGassen$b Joachim$4aut 801 0$bPH02 801 1$bPH02 906 $aBOOK 912 $a9910563022003321 996 $aDatenbankgestu?tzte Rechnungslegungspublizita?t$94173720 997 $aUNINA LEADER 01095nam2 2200253 i 450 001 BVE0059508 005 20251003044054.0 020 $aIT$b94-10105 100 $a19950612d1994 ||||0itac50 ba 101 | $aita 102 $ait 181 1$6z01$ai $bxxxe 182 1$6z01$an 200 1 $aˆ2: I ‰documenti 210 $a[Assago]$cIPSOA$d[1994] 215 $a277 p.$d24 cm. 461 1$1001BVE0059506$12001 $aBilancio e contabilità d'impresa$fLuciano Marchi ... [et al.]$v2 801 3$aIT$bIT-000000$c19950612 850 $aIT-BN0095 912 $aBVE0059508 950 2$aBiblioteca Centralizzata di Ateneo$cv. 1-2 in due copie$d 01POZZO LIB.ECON MON 9494$e 0101 0000104825E VMA (0002 v. 2 (precedente collocazione: GUERRAZZI C 91 2)$fB $h20071105$i20071105$cv. 1-2 in due copie$d 01POZZO LIB.ECON MON 9494$e 0101 0000104845E VMA (0002 bis v. 2 (2. copia . - precedente collocazione: GUERRAZZI C 91 2 bis)$fB $h20071106$i20071106 977 $a 01 996 $aDocumenti$967015 997 $aUNISANNIO